[Event "Primorsky Debut 2014"]
[Site "Vladivostok RUS"]
[Date "2014.07.27"]
[Round "7.8"]
[White "Chuhachev, Vladimir"]
[Black "Korniushin, Nikolay"]
[Result "1/2-1/2"]
[BlackTitle "IM"]
[WhiteElo "2165"]
[BlackElo "2339"]
[WhiteFideId "4142330"]
[BlackFideId "4123808"]
[EventDate "2014.07.21"]

1. e4 e6 2. d4 d5 3. e5 c5 4. c3 Qb6 5. Nf3 Nc6 6. a3 Nh6 7. b4 cxd4 8. Bxh6
gxh6 9. cxd4 Bd7 10. Be2 Rc8 11. O-O Bg7 12. Ra2 O-O 13. Rd2 f6 14. exf6 Bxf6
15. Kh1 Bg7 16. Re1 Rf4 17. g3 Rf7 18. Rd3 a5 19. b5 Ne7 20. Nc3 Qd6 21. Bf1
Rcf8 22. a4 Rf6 23. Bg2 Be8 24. Ne2 Bg6 25. Rc3 Be4 26. Nf4 Rxf4 27. gxf4 Qxf4
28. Rg1 Ng6 29. Ne5 Bxe5 30. dxe5 Qxe5 31. Re3 Rxf2 32. Qe1 Rxg2 33. Rxg2 Bxg2+
34. Kxg2 Qb2+ 35. Kh1 e5 36. Qxa5 Qf2 37. Qd8+ Kg7 38. Qd7+ Kh8 39. Qe8+ Kg7 40.
Qd7+ Kf6 41. Qd6+ Kg7 42. Qd7+ Kf6 1/2-1/2

[Event "Primorsky Debut 2014"]
[Site "Vladivostok RUS"]
[Date "2014.07.27"]
[Round "7.9"]
[White "Tugarin, Anton"]
[Black "Zherebtsova, Alexandra"]
[Result "1-0"]
[BlackTitle "WFM"]
[WhiteElo "2234"]
[BlackElo "2146"]
[WhiteFideId "24151246"]
[BlackFideId "24129518"]
[EventDate "2014.07.21"]

1. Nf3 d5 2. d4 Nf6 3. c4 c6 4. e3 e6 5. b3 Nbd7 6. Bd3 Bd6 7. Bb2 O-O 8. O-O
Re8 9. Ne5 Nf8 10. Nd2 N6d7 11. e4 f6 12. Nef3 Ng6 13. Rc1 Bf4 14. Qc2 Ndf8 15.
Rcd1 Bd7 16. Rfe1 Rc8 17. g3 Bb8 18. h4 b6 19. e5 f5 20. Qb1 Ne7 21. cxd5 Nxd5
22. Rc1 Qe7 23. Nc4 b5 24. Ba3 b4 25. Bb2 c5 26. a3 Bc6 27. Be2 Nd7 28. a4 Ba8
29. Qd3 Red8 30. Bd1 cxd4 31. Qxd4 Nc5 32. Nd6 Nc3 33. Nxc8 Rxc8 34. Bxc3 bxc3
35. Rxc3 a5 36. Be2 Ba7 37. Rec1 Rd8 38. Qf4 h6 39. Kf1 Bb6 40. h5 Ne4 41. Rc8
Bc5 42. Rxd8+ Qxd8 43. g4 Bxf2 44. gxf5 Bg3 45. Qg4 exf5 46. Qxf5 Bb7 47. Qe6+
Kh8 48. Rd1 Qf8 49. Kg2 Bh4 50. Qg4 Bg5 51. Rd4 Nc3 52. Bd3 Nd1 53. Re4 Qd8 54.
Be2 Nc3 55. Rd4 Qb6 56. Bc4 Nd1 57. Rxd1 1-0

[Event "Primorsky Debut 2014"]
[Site "Vladivostok RUS"]
[Date "2014.07.27"]
[Round "7.10"]
[White "Zheltov, Roman"]
[Black "Pavlovskiy, Mikhail"]
[Result "1/2-1/2"]
[WhiteElo "2125"]
[BlackElo "2254"]
[WhiteFideId "34119970"]
[BlackFideId "24116530"]
[EventDate "2014.07.21"]

1. d4 d5 2. Nf3 Nf6 3. c4 c6 4. Qb3 dxc4 5. Qxc4 e6 6. Bf4 Bd6 7. Bxd6 Qxd6 8.
Nc3 Nbd7 9. Rd1 O-O 10. g3 e5 11. e3 exd4 12. Rxd4 Qc5 13. Qb3 Nb6 14. Qd1 Be6
15. Bg2 Bc4 16. Bf1 Be6 17. Bg2 Bc4 18. Bf1 Be6 1/2-1/2

[Event "Primorsky Debut 2014"]
[Site "Vladivostok RUS"]
[Date "2014.07.28"]
[Round "8.1"]
[White "Inarkiev, Ernesto"]
[Black "Yanchenko, Roman"]
[Result "1-0"]
[WhiteTitle "GM"]
[BlackTitle "FM"]
[WhiteElo "2666"]
[BlackElo "2311"]
[WhiteFideId "4162722"]
[BlackFideId "4137329"]
[EventDate "2014.07.21"]

1. e4 d5 2. exd5 Qxd5 3. Nc3 Qa5 4. d4 c6 5. Nf3 Nf6 6. Ne5 Be6 7. a3 Nbd7 8. b4
Qc7 9. Bf4 Nxe5 10. Bxe5 Qd7 11. Be2 g6 12. b5 Bg7 13. bxc6 bxc6 14. Na4 Qc8 15.
Nc5 a5 16. Rb1 O-O 17. Ba6 Rxa6 18. Rb8 Qxb8 19. Bxb8 Ra8 20. Nxe6 Rfxb8 21.
Nxg7 Kxg7 22. O-O Rd8 23. Re1 c5 24. Rxe7 cxd4 25. Rc7 h5 26. Rc4 Rac8 27. Rxd4
Rxd4 28. Qxd4 Rxc2 29. h3 Rc1+ 30. Kh2 Rc2 31. f3 Ra2 32. a4 Re2 33. h4 Re6 34.
Qc3 Ra6 35. Qe5 Ra8 36. Kg3 Ra6 37. Kh3 Kg8 38. Qb5 Re6 39. Qxa5 Kg7 40. Qc3 Kh7
41. a5 Nd5 42. Qc4 Ne3 43. Qa2 Re7 44. a6 Ra7 45. Qa5 Nc4 46. Qb5 Ne5 47. Qb6 1-0

[Event "Primorsky Debut 2014"]
[Site "Vladivostok RUS"]
[Date "2014.07.28"]
[Round "8.2"]
[White "Belous, Vladimir"]
[Black "Ovetchkin, Roman"]
[Result "0-1"]
[WhiteTitle "GM"]
[BlackTitle "GM"]
[WhiteElo "2584"]
[BlackElo "2521"]
[WhiteFideId "4174003"]
[BlackFideId "4119991"]
[EventDate "2014.07.21"]

1. c4 c5 2. Nf3 Nc6 3. Nc3 g6 4. e3 Nf6 5. d4 cxd4 6. exd4 d5 7. cxd5 Nxd5 8.
Qb3 e6 9. Bg5 Be7 10. Bh6 Bf8 11. Bxf8 Kxf8 12. Bb5 Nce7 13. O-O b6 14. Nxd5
exd5 15. Rfe1 a6 16. Bf1 f6 17. Rac1 Ra7 18. Qa3 Kf7 19. Rc3 a5 20. Bb5 Rc7 21.
h3 Rxc3 22. bxc3 Be6 23. g4 g5 24. c4 Ng6 25. c5 Nf4 26. Bf1 h5 27. Rb1 hxg4 28.
hxg4 Bxg4 29. cxb6 Bf5 30. Rb3 Be4 31. Qc5 Kg6 32. b7 Qd7 33. Ne5+ fxe5 34. Qb6+
Kf5 35. f3 Qh7 36. fxe4+ dxe4 0-1

[Event "Primorsky Debut 2014"]
[Site "Vladivostok RUS"]
[Date "2014.07.28"]
[Round "8.3"]
[White "Bocharov, Dmitry"]
[Black "Danin, Alexandre"]
[Result "1-0"]
[WhiteTitle "GM"]
[BlackTitle "GM"]
[WhiteElo "2560"]
[BlackElo "2572"]
[WhiteFideId "4138716"]
[BlackFideId "4144031"]
[EventDate "2014.07.21"]

1. Nf3 Nf6 2. c4 c6 3. e3 g6 4. d4 Bg7 5. Nc3 d5 6. Bd3 O-O 7. O-O dxc4 8. Bxc4
Bg4 9. Be2 Qb6 10. Qc2 Nbd7 11. Rd1 Bxf3 12. Bxf3 e5 13. dxe5 Nxe5 14. Be2 Rfd8
15. Bd2 Qc5 16. Rac1 Qe7 17. e4 Ned7 18. f4 Nc5 19. e5 Nfd7 20. Be3 Ne6 21. Bc4
Nxf4 22. Bxf4 Qc5+ 23. Qf2 Qxc4 24. Rd4 Qe6 25. Rcd1 Bf8 26. Ne4 Be7 27. Bg5
Nxe5 28. Rxd8+ Rxd8 29. Rxd8+ Bxd8 30. Bxd8 Qxa2 31. Nf6+ Kh8 32. h3 Qb1+ 33.
Kh2 Qf5 34. Qe3 Kg7 35. Ne8+ Kf8 36. Nf6 Kg7 37. Ne4 Kg8 38. Bf6 Nd7 39. Bc3 f6
40. Nd6 1-0

[Event "Primorsky Debut 2014"]
[Site "Vladivostok RUS"]
[Date "2014.07.28"]
[Round "8.4"]
[White "Timofeev, Artyom"]
[Black "Grachev, Boris"]
[Result "1/2-1/2"]
[WhiteTitle "GM"]
[BlackTitle "GM"]
[WhiteElo "2597"]
[BlackElo "2672"]
[WhiteFideId "4140419"]
[BlackFideId "4129199"]
[EventDate "2014.07.21"]

1. e4 c5 2. Nf3 e6 3. d4 cxd4 4. Nxd4 Nc6 5. Nc3 a6 6. Nxc6 bxc6 7. Bd3 d5 8.
O-O Nf6 9. Bf4 Be7 10. Re1 O-O 11. Qf3 Bb7 12. Rad1 Re8 13. Na4 Qa5 14. b3 dxe4
15. Bxe4 Nxe4 16. Qxe4 Rad8 17. c4 Ba8 18. Qe5 Qxe5 19. Bxe5 Bb4 20. Rf1 c5 21.
Bd6 Rc8 22. Nb6 Rc6 23. Nxa8 Rxa8 24. Be5 a5 25. a4 f6 26. Bb2 Rcc8 27. Rd7 Rd8
28. Rfd1 Rxd7 29. Rxd7 Rf8 30. Kf1 Rf7 31. Rd8+ Rf8 32. Rd7 Rf7 33. Rd6 Re7 34.
Ke2 Kf7 35. Kd3 e5 36. f3 Re6 37. Rd7+ Ke8 38. Rd5 Ke7 39. Bc3 Bxc3 40. Kxc3 Rc6
41. h4 1/2-1/2

[Event "Primorsky Debut 2014"]
[Site "Vladivostok RUS"]
[Date "2014.07.28"]
[Round "8.5"]
[White "Deviatkin, Andrei"]
[Black "Vilchenko, Maxim"]
[Result "1-0"]
[WhiteTitle "GM"]
[WhiteElo "2512"]
[BlackElo "2256"]
[WhiteFideId "4121260"]
[BlackFideId "4173880"]
[EventDate "2014.07.21"]

1. e4 c5 2. Nf3 Nc6 3. Bb5 e6 4. O-O Nge7 5. Re1 Nd4 6. Nxd4 cxd4 7. c3 Nc6 8.
d3 Bc5 9. Qe2 O-O 10. Nd2 dxc3 11. bxc3 Qa5 12. Bxc6 Qxc3 13. Rb1 bxc6 14. Bb2
Qa5 15. Nb3 Qb5 16. Nxc5 Qxc5 17. Rbc1 Qe7 18. Rc3 Re8 19. Ba3 Qf6 20. e5 Qf5
21. Bd6 a5 22. d4 Ra7 23. Rf3 Qg4 24. h3 Qxd4 25. Rxf7 Ba6 26. Qh5 Bd3 27. Rf4
g6 28. Qh6 1-0

[Event "Primorsky Debut 2014"]
[Site "Vladivostok RUS"]
[Date "2014.07.28"]
[Round "8.6"]
[White "Kabanov, Nikolai"]
[Black "Chuhachev, Vladimir"]
[Result "1-0"]
[WhiteTitle "GM"]
[WhiteElo "2496"]
[BlackElo "2165"]
[WhiteFideId "4127820"]
[BlackFideId "4142330"]
[EventDate "2014.07.21"]

1. e4 c5 2. Nc3 Nc6 3. Bb5 g6 4. Bxc6 bxc6 5. d3 Bg7 6. f4 d6 7. Nf3 Nh6 8. O-O
O-O 9. Qe1 f5 10. e5 Qc7 11. Qg3 Nf7 12. Re1 Rb8 13. b3 Rb4 14. a3 Rb7 15. Bd2
Kh8 16. Re2 g5 17. Nxg5 Nxg5 18. exd6 Qxd6 19. Qxg5 Bd4+ 20. Kh1 e5 21. fxe5 Qe6
22. Rf1 Rg7 23. Qh4 Rfg8 24. Nd1 Qd5 25. c4 Qe6 26. Rf3 Rg6 27. Rh3 Qf7 28. Rf3
Qg7 29. g3 f4 30. e6 fxg3 31. Rxg3 Bxe6 32. Nf2 Bf5 33. Kg2 Be5 34. Bf4 Bf6 35.
Qh5 Qd7 36. Be5 Bxe5 37. Rxe5 Bxd3 38. Qf3 Rxg3+ 39. hxg3 Bg6 40. Qf6+ Qg7 41.
Qxg7+ Rxg7 42. Rxc5 Be8 43. Re5 Bd7 44. Ne4 Kg8 45. Nf6+ Kf8 46. Rh5 Ke7 47.
Nxh7 Kf7 48. Rh6 Ke7 49. Nf6 Bf5 50. Nh5 Rf7 51. Nf4 a5 52. Kf3 Bc2 53. Rxc6
Bxb3 54. Ke4 1-0

[Event "Primorsky Debut 2014"]
[Site "Vladivostok RUS"]
[Date "2014.07.28"]
[Round "8.7"]
[White "Gritsenko, Andrey"]
[Black "Muratov, Sergey"]
[Result "1/2-1/2"]
[WhiteTitle "IM"]
[BlackTitle "FM"]
[WhiteElo "2403"]
[BlackElo "2185"]
[WhiteFideId "4197933"]
[BlackFideId "4131355"]
[EventDate "2014.07.21"]

1. d4 Nf6 2. c4 g6 3. g3 Bg7 4. Bg2 c5 5. d5 d6 6. Nc3 O-O 7. Nf3 e6 8. O-O exd5
9. cxd5 Re8 10. Nd2 a6 11. a4 Nbd7 12. h3 Rb8 13. Nc4 Ne5 14. Na3 Nh5 15. e4 Bd7
16. a5 Qxa5 17. g4 Nf6 18. f4 Nexg4 19. hxg4 Nxg4 20. f5 h5 21. Bg5 Qb4 22. f6
Bh6 23. Bxh6 Nxh6 24. Qd2 Kh7 25. Nc2 Qb6 26. Ne1 Bg4 27. Bf3 c4+ 28. Kg2 Qa7
29. Qf4 b5 30. Rh1 b4 31. Ne2 Qd7 32. Rxa6 Re5 33. Ng3 g5 34. Qe3 h4 35. Ra7 Rb7
36. Rxb7 Qxb7 37. Bxg4 Nxg4 38. Qf3 Qd7 39. Nf5 Nxf6 40. Nxh4 gxh4 41. Qxf6 Qg4+
42. Kf2 Qg3+ 43. Kf1 Rxe4 44. Qxf7+ Qg7 45. Qf3 Qg4 46. Qxg4 Rxg4 47. Nc2 c3 48.
bxc3 bxc3 49. Ne3 Ra4 50. Ke2 Kg6 51. Kd3 Kf6 52. Rf1+ Kg5 53. Rg1+ Kf6 54. Rf1+
Kg5 55. Rg1+ Kf6 56. Nc4 c2 57. Rc1 Ra2 58. Nxd6 Ke5 59. Nb5 Rb2 60. Kc4 h3 61.
d6 Ke6 62. Nd4+ Kxd6 1/2-1/2

[Event "Primorsky Debut 2014"]
[Site "Vladivostok RUS"]
[Date "2014.07.28"]
[Round "8.8"]
[White "Ivanov, Mikhail M"]
[Black "Tugarin, Anton"]
[Result "1/2-1/2"]
[WhiteTitle "GM"]
[WhiteElo "2392"]
[BlackElo "2234"]
[WhiteFideId "4114906"]
[BlackFideId "24151246"]
[EventDate "2014.07.21"]

1. d4 d5 2. c4 c6 3. Nc3 Nf6 4. e3 a6 5. Qc2 e6 6. Nf3 Nbd7 7. Be2 c5 8. cxd5
exd5 9. O-O Be7 10. Rd1 O-O 11. dxc5 Nxc5 12. b4 Ne6 13. Qb3 Qb6 14. Ba3 Nc7 15.
Nd4 Qd6 16. Rac1 Ng4 17. Nf3 Be6 18. h3 Nf6 19. Nd4 Qe5 20. Bb2 Bd6 21. Nf3 Qh5
22. Rd4 b5 23. Qd1 Rac8 24. a3 Rfd8 25. Bd3 g5 26. Ne2 Bxh3 27. Ng3 Bxg3 28.
fxg3 Bd7 29. Be2 Qh6 30. Ne5 Be6 31. Nc6 Re8 32. Na7 Re7 33. Nxc8 Bxc8 34. Rd3
Bf5 35. Rdc3 Nce8 36. Qf1 Be6 37. R3c2 Ne4 38. Qf3 N8f6 39. Bxf6 Nxf6 40. Rc7
Rxc7 41. Rxc7 Ng4 42. Bd3 Qh2+ 43. Kf1 Qh1+ 44. Ke2 Ne5 45. Qf1 Qxf1+ 46. Kxf1
Nxd3 47. Rc6 Kf8 48. Rxa6 Ke7 49. Ke2 1/2-1/2

[Event "Primorsky Debut 2014"]
[Site "Vladivostok RUS"]
[Date "2014.07.28"]
[Round "8.9"]
[White "Sutormin, Danila"]
[Black "Guseva, Marina"]
[Result "1/2-1/2"]
[BlackTitle "IM"]
[WhiteElo "2228"]
[BlackElo "2362"]
[WhiteFideId "24108669"]
[BlackFideId "4149351"]
[EventDate "2014.07.21"]

1. e4 c6 2. d4 d5 3. Nd2 dxe4 4. Nxe4 Bf5 5. Ng3 Bg6 6. h4 h6 7. Nf3 Nd7 8. h5
Bh7 9. Bd3 Bxd3 10. Qxd3 e6 11. Bf4 Qa5+ 12. Bd2 Bb4 13. a3 Bxd2+ 14. Nxd2 Ngf6
15. O-O-O O-O 16. Nge4 Nxe4 17. Nxe4 Qf5 18. g4 Qxg4 19. Qe3 f5 20. f3 f4 21.
Qb3 Qf5 22. Rhg1 Rab8 23. Rg6 Nf6 24. Rdg1 Nxh5 25. R1g4 Kh8 26. Qb4 Qd5 27. Qe7
Qxd4 28. Nf6 Qxf6 29. Rxf6 Rxf6 30. Rxg7 Nxg7 31. Qxf6 h5 32. Qxf4 Rd8 33. Qh6+
Kg8 34. Qg6 Rd5 35. Qg3 Kh7 36. a4 Rf5 37. b4 Rf6 38. a5 Rh6 39. Qh3 h4 40. c4
a6 41. Kd2 1/2-1/2

[Event "Primorsky Debut 2014"]
[Site "Vladivostok RUS"]
[Date "2014.07.28"]
[Round "8.10"]
[White "Korniushin, Nikolay"]
[Black "Khokhlova, Daria"]
[Result "1-0"]
[WhiteTitle "IM"]
[WhiteElo "2339"]
[BlackElo "2007"]
[WhiteFideId "4123808"]
[BlackFideId "24182729"]
[EventDate "2014.07.21"]

1. Nf3 Nf6 2. c4 d5 3. cxd5 Nxd5 4. d4 g6 5. e4 Nb6 6. h3 Bg7 7. Nc3 O-O 8. Be3
Nc6 9. Be2 Bd7 10. O-O Re8 11. d5 Ne5 12. Nd2 f5 13. f4 Nf7 14. e5 e6 15. dxe6
Bxe6 16. Qc2 c6 17. Rad1 Qe7 18. Nb3 Nd5 19. Nxd5 Bxd5 20. Bc4 Be4 21. Bd3 Bd5
22. Bc4 Be4 23. Qf2 b5 24. Be2 g5 25. g3 gxf4 26. gxf4 Nxe5 27. fxe5 Bxe5 28.
Bf3 Qg7+ 29. Kh1 Kh8 30. Rg1 Qf6 31. Bg5 Qf8 32. Rd7 Bg7 33. Bh6 Bxh6 34. Qd4+
Bg7 35. Rdxg7 1-0